000 005430000a22001690004500
003 MACL
005 20160207112838.0
008 160207b xxu||||| |||| 00| 0 eng d
040 _aMACL
_cmacl
041 _aHindi
082 _a294
100 _aब्रहम्‍चारी श्री प्रभुदत्‍त
_937220
245 _aगोविन्‍ददामोदर शरणागत स्‍तोत्र
260 _bसंकीर्तन भवन
650 _aReligion
_937221
942 _cHIN
_k294
_2ddc
999 _c26579
_d26579